00703nam a2200193 i 4500001000700000003000900007007000300016008004100019080001500060245002600075260005600101300002200157490007100179500010900250500002900359650001700388830007100405852003300476105388ES-MaACLt|060704s1963 fr ||||1| fre d a330.342.1400aCrise du capitalisme. aParis : bEditions de la Nouvelle Critique, c1963. a292 p. ; c23 cm.1 aRecherches internationales áa la lumière du marxisme ; v35-36 aEs el nº 35-36, en.-abr. 1963, de la revista "Recherches internationales áa la lumière du marxisme" aBiblioteca Juan Andrade.14aCapitalismo.0 aRecherches internationales áa la lumière du marxisme ; v35-36 aES-MaACLjAND-184 bR.109483